Southville International School and Colleges
Your cart is empty.
  • Cart
  • Lists
    Public lists Eva Luna New books Lux_list list_1
    Your lists Log in to create your own lists
  • Log in to your account
  • Your cookies
  • Search history
Southville International School and Colleges
  • Advanced search
  • Recent comments
  • Most popular
  • Libraries

Log in to your account

Log in with GOOGLE


If you do not have an external account, but do have a local account, you can still log in:

  1. Home
  2. MARC view: Exploring maths 6 :
Normal view MARC view ISBD view

Exploring maths 6 : (Record no. 282546)

[ view plain ]
MARC details
000 -LEADER
fixed length control field 00751nam a22002297a 4500
003 - CONTROL NUMBER IDENTIFIER
control field OSt
005 - DATE AND TIME OF LATEST TRANSACTION
control field 20150206154831.0
008 - FIXED-LENGTH DATA ELEMENTS--GENERAL INFORMATION
fixed length control field 130925t xxu||||| |||| 00| 0 eng d
020 ## - INTERNATIONAL STANDARD BOOK NUMBER
International Standard Book Number 9781405896122
050 ## - LIBRARY OF CONGRESS CALL NUMBER
Classification number QA 11.154
Item number .Ex96t6 2009
245 ## - TITLE STATEMENT
Title Exploring maths 6 :
Remainder of title teacher's book /
Statement of responsibility, etc edited by Anita Straker.
260 ## - PUBLICATION, DISTRIBUTION, ETC. (IMPRINT)
Place of publication, distribution, etc Great Britain, Scotprint :
Name of publisher, distributor, etc Pearson Education,
Date of publication, distribution, etc c2009.
300 ## - PHYSICAL DESCRIPTION
Extent iv. 381 pages :
Other physical details colored illustrations ;
Dimensions 27 cm.
Accompanying material + 1 CD ROM (3/4) inches.
651 ## - SUBJECT ADDED ENTRY--GEOGRAPHIC NAME
Geographic name Trigonometry.
General subdivision mathematics
9 (RLIN) 21547
651 ## - SUBJECT ADDED ENTRY--GEOGRAPHIC NAME
Geographic name Geometry
General subdivision mathematics
9 (RLIN) 21548
651 ## - SUBJECT ADDED ENTRY--GEOGRAPHIC NAME
Geographic name Equations
General subdivision Mathematics
9 (RLIN) 21549
651 ## - SUBJECT ADDED ENTRY--GEOGRAPHIC NAME
Geographic name Algebra
General subdivision mathematics
9 (RLIN) 21550
942 ## - ADDED ENTRY ELEMENTS (KOHA)
Source of classification or shelving scheme Library of Congress Classification
Koha item type Books
Holdings
Withdrawn status Lost status Source of classification or shelving scheme Damaged status Home library Current library Shelving location Date acquired Source of acquisition Sub Shelving location Total Checkouts Full call number Barcode Date last seen Price effective from Koha item type Date checked out
    Library of Congress Classification   Luxembourg Library Luxembourg Library Teachers Reference Section 02/06/2015 Library Fund     QA 11.154 .Ex96t6 2009 19864 10/09/2015 02/06/2015 Books  
    Library of Congress Classification   Luxembourg Library Luxembourg Library Teachers Reference Section 02/06/2015 Library Fund   1 QA 11.154 .Ex96t6 2009 19865 06/13/2022 02/06/2015 Books 06/13/2022
    Library of Congress Classification   Luxembourg Library Luxembourg Library Teachers Reference Section 02/06/2015 Library Fund   2 QA 11.154 .Ex96t6 2009 19866 07/13/2015 02/06/2015 Books 07/08/2015

Exploring maths 6 :

APA

(2009). Exploring maths 6. Great Britain, Scotprint: Pearson Education.

Chicago

2009. Exploring maths 6. Great Britain, Scotprint: Pearson Education.

Harvard

(2009). Exploring maths 6. Great Britain, Scotprint: Pearson Education.

MLA

Exploring maths 6. Great Britain, Scotprint: Pearson Education. 2009.

  • Place hold
  • Print
  • Cite
  • Add to your cart (remove)
  • Save record
    BIBTEX Dublin Core MARCXML MARC (non-Unicode/MARC-8) MARC (Unicode/UTF-8) MARC (Unicode/UTF-8, Standard) MODS (XML) RIS
  • More searches
    Search for this title in:
    Other Libraries (WorldCat) Other Databases (Google Scholar) Online Stores (Bookfinder.com) Open Library (openlibrary.org)

Exporting to Dublin Core...

SOUTHVILLE LIBRARY

Southville International School and Colleges Library

1281 Tropical Ave. Cor. Luxembourg St., BF Homes International, Las Pinas City

Tel. No. 8256374 / 252358 Loc. 117/146

Powered by Koha